00619nam a2200169 4500003001100000008004100011040003900052041000800091082001600099111008300115245006900198260005200267300001000319650004500329650004300374710003200417LK-CoMWRAF231207b1992 |||||||| |||| 00| 0 eng d aLK-CoMWRAFdLK-CoMWRAFeLK-CoMWRAF aeng a305.42bWOM aTHIRD NATIONAL CONVENTION ON WOMEN'S STUDIES c( Colombo d4-7 th March, 1992) aThird national convention on women's studies: bWomen & politics a Colombo: bCentre for Women's Research,c 1992 a37 p. aWomen's rights- Sri Lanka- Congresses |  aWomen's studies- Sri Lanka- Congresses aCentre for Women's Research